Manuel y Didí y el sombrero volador : (Record no. 130574)

MARC details
000 -CABECERA
campo de control de longitud fija 00730nam a2200217 u 4500
005 - FECHA Y HORA DE LA ÚLTIMA TRANSACCIÓN
campo de control 20220603063709.0
008 - ELEMENTOS DE LONGITUD FIJA--INFORMACIÓN GENERAL
campo de control de longitud fija 080729s1993 r 000 0 eng d
020 ## - NÚMERO INTERNACIONAL NORMALIZADO PARA LIBROS
Número Internacional Estándar del Libro 8439286775
035 ## - NÚMERO DE CONTROL DEL SISTEMA
Número de control de sistema UPN01000158460
049 ## - COLECCIÓN
Colección I
050 #4 - SIGNATURA TOPOGRÁFICA DE LA BIBLIOTECA DEL CONGRESO
Número de clasificación PZ33
Número de documento/Ítem M6.6
100 1# - ASIENTO PRINCIPAL--NOMBRE PERSONAL
Nombre de persona Moser, Erwin,
Fechas asociadas al nombre 1954-
9 (RLIN) 31970
245 10 - MENCIÓN DE TÍTULO
Título Manuel y Didí y el sombrero volador :
Resto del título aventuras ratoniles /
Mención de responsabilidad, etc. Erwin Moser ; tr. Eladio M. Bernaldo de Quirós.
260 ## - PUBLICACIÓN, DISTRIBUCIÓN, ETC.
Lugar de publicación, distribución, etc. Madrid :
Nombre del editor, distribuidor, etc. Gaviota,
Fecha de publicación, distribución, etc. 1993.
300 ## - DESCRIPCIÓN FÍSICA
Extensión 46 p. :
Otras características físicas il. col.
440 #0 - MENCIÓN DE SERIE/ASIENTO SECUNDARIO--TÍTULO
Título Gaviota-junior.
Nombre de parte o sección de la obra Manuel y Didí
534 ## - NOTA SOBRE LA VERSIÓN ORIGINAL
Frase introductoria Título original :
Mención de título del original Manuel & Didi und der fliegende hut
650 #4 - ASIENTO SECUNDARIO DE MATERIA - TERMINO TEMATICO
Término de materia o nombre geográfico como elemento de entrada Cuentos infantiles
9 (RLIN) 6744
650 #4 - ASIENTO SECUNDARIO DE MATERIA - TERMINO TEMATICO
Término de materia o nombre geográfico como elemento de entrada RATONES -
Subdivisión de forma LITERATURA INFANTIL
9 (RLIN) 10248
905 ## - TIPO DE MATERIAL
Tipo de material Infantil
Holdings
Estado de retiro Estado de pérdida Fuente del sistema de clasificación o colocación Estado dañado No para préstamo Código de colección Localización permanente Ubicación/localización actual Ubicación en estantería Fecha de adquisición Total de préstamos Clasificación Código de barras Fecha visto por última vez Número de copia Tipo de ítem Koha
    Library of Congress Classification     Infantil Bib. Gregorio Torres Quintero Bib. Gregorio Torres Quintero Sala infantil Planta baja 10/05/2023 3 PZ33 M6.6 259493 31/12/2020 1 Libro